| Tag |
First Indicator |
Second Indicator |
Subfields |
| LEADER |
00000cam a2200000 a 4500 |
| 001 |
in00005751249 |
| 005 |
20260326193534.4 |
| 006 |
m o d |
| 007 |
cr cnu---unuuu |
| 008 |
121205s1966 xx o 000 0 eng d |
| 040 |
|
|
|a OPELS
|b eng
|e pn
|c OPELS
|d E7B
|d OCLCF
|d OCLCQ
|d OCLCA
|d LEAUB
|d OCLCQ
|d OCLCO
|d OCLCQ
|d OCLCO
|d OCLCL
|d OCLCQ
|d COA
|
| 019 |
|
|
|a 1340116368
|
| 020 |
|
|
|a 9780123955012
|q (electronic bk.)
|
| 020 |
|
|
|a 0123955017
|q (electronic bk.)
|
| 020 |
|
|
|a 9780323143981
|
| 020 |
|
|
|a 0323143989
|
| 024 |
8 |
|
|a (WaSeSS)ssj0000993739
|
| 035 |
|
|
|a (OCoLC)820345452
|z (OCoLC)1340116368
|
| 050 |
|
4 |
|a QP801.G53
|b G58 1966
|
| 082 |
0 |
4 |
|a 547/.037
|2 23
|
| 049 |
|
|
|a TXAM
|
| 245 |
0 |
0 |
|a Glucuronic acid, free and combined :
|b chemistry, biochemistry, pharmacology, and medicine /
|c edited by Geoffrey Dutton.
|
| 260 |
|
|
|a [Place of publication not identified] :
|b Academic Press,
|c 1966.
|
| 300 |
|
|
|a 1 online resource
|
| 336 |
|
|
|a text
|b txt
|2 rdacontent
|
| 337 |
|
|
|a computer
|b c
|2 rdamedia
|
| 338 |
|
|
|a online resource
|b cr
|2 rdacarrier
|
| 347 |
|
|
|a text file
|2 rdaft
|0 http://rdaregistry.info/termList/fileType/1002.
|
| 588 |
0 |
|
|a Publisher supplied information; title not viewed.
|
| 504 |
|
|
|a Includes bibliographical references and indexes.
|
| 505 |
0 |
|
|a Pt. 1. Chemistry -- pt. 2. Metabolism -- pt. 3. Biological implications of conjugation with glucuronic acid.
|
| 650 |
|
0 |
|a Glucuronic acid.
|
| 650 |
|
0 |
|a Glucuronic acid
|x Synthesis.
|
| 650 |
|
6 |
|a Acide glucuronique.
|
| 650 |
|
6 |
|a Acide glucuronique
|x Synthèse.
|
| 650 |
|
7 |
|a Glucuronic acid
|2 fast
|
| 650 |
|
7 |
|a Glucuronic acid
|x Synthesis
|2 fast
|
| 655 |
|
7 |
|a Electronic books.
|2 local
|
| 700 |
1 |
|
|a Dutton, G. F.,
|d 1924-2010.
|1 https://id.oclc.org/worldcat/entity/E39PBJhRKdPkXMP7WKdjFGhj4q
|
| 710 |
2 |
|
|a ScienceDirect (Online service)
|
| 758 |
|
|
|i has work:
|a Glucuronic acid, free and combined (Text)
|1 https://id.oclc.org/worldcat/entity/E39PCFQffjtPxXcKYtgwDxHRDq
|4 https://id.oclc.org/worldcat/ontology/hasWork
|
| 856 |
4 |
0 |
|u http://proxy.library.tamu.edu/login?url=https://www.sciencedirect.com/science/book/9780123955012
|z Connect to the full text of this electronic book
|t 0
|
| 955 |
|
|
|a Elsevier ScienceDirect 2026-2027
|
| 994 |
|
|
|a 92
|b TXA
|
| 999 |
f |
f |
|i f58363a6-490a-4dae-9267-4e9862bd7396
|s bb9fd90d-be74-48c6-9615-71496e709f7e
|t 0
|
| 952 |
f |
f |
|a Texas A&M University
|b College Station
|c Electronic Resources
|s www_evans
|d Available Online
|t 0
|e QP801.G53 G58 1966
|h Library of Congress classification
|
| 998 |
f |
f |
|a QP801.G53 G58 1966
|t 0
|l Available Online
|